Quizzes
Events
Quiz Creation
Community
Videos
Private Events
Remove Ads
Sign In
Join for FREE
Feedback
Dark Mode
Quiz Categories
Sports
Geography
Music
Movies
Television
Just For Fun
Miscellaneous
History
Literature
Language
Science
Gaming
Entertainment
Religion
Holiday
For Kids
Quiz Lab
Recent
Popular Today
Quiz Kudos Today
Editor Picks
Curator Picks
Quizzes by...
Day
Popularity
Type
Ratings
Length
Year
Community
Subscriptions
Recent Discussions
Orange Saloon
Badges
Playlists
Quests
Create
Leaderboards
Showdown
Live 5
Trivia Bingo
Activity
Puzzle Library
Sporcle Events
Private Events
Virtual Trivia
Globe League
Become a Host
Pub Owners
SporcleCon
Opinionation
Our Games
Videos
Blog
Mobile Apps
Partnerships
Remove Ads and Go Orange
Feedback
Sports
Athletes
MLB
NBA
NHL
NFL
Soccer
Sports Teams
WWE
NCAA
Football
Premier League
Basketball
Baseball
Hockey
Golf
Tennis
Cricket
Rugby
Auto Racing
Olympics
World Cup
Sports
Athletes
MLB
NBA
NHL
NFL
Soccer
Sports Teams
WWE
NCAA
Football
Premier League
Basketball
Baseball
Hockey
Golf
Tennis
Cricket
Rugby
Auto Racing
Olympics
World Cup
Random Quiz
Search Sporcle
×
Quiz Lab
Quiz Lab
Sports
WWE
Type in answers that appear in a list
Type in answers that appear in a list
Classic
Best Score? Go Orange.
Bayley NXT Takeover/WWE PPV Opponents Stats
Can you name the Bayley's opponents at NXT Takeover events?
By
CFG1787
7m
132 Questions
927 Plays
927 Plays
927 Plays
Comments
Comments
Give Quiz Kudos
Give Quiz Kudos
-
- Ratings
hide this ad
Replay
Link that replays current quiz
Next Quiz
Link to next quiz in quiz playlist
You Got
0%
They Got
Avg Score
34%
Avg Friend Score
Upgrade to see
Score Distribution
Jump to the score distribution portion of the page
Score
0/132
Timer
07:00
0
Plays Today
Event
Opponent
% Correct
Survivor Series 2022
Becky Lynch
100%
Royal Rumble 2023 (eliminated)
Becky Lynch
100%
WrestleMania 39
Becky Lynch
100%
WWE Battleground 2016
Charlotte
98.6%
WWE Clash of Champions 2016
Charlotte
98.5%
WWE Clash of Champions 2016
Sasha Banks
98.5%
Royal Rumble 2018 (eliminated by)
Sasha Banks
98.5%
WWE WrestleMania 33
Sasha Banks
98.4%
Elimination Chamber 2018
Sasha Banks
98.4%
WWE No Mercy 2017
Sasha Banks
98.4%
NXT Takeover
Sasha Banks
98.4%
NXT Takeover: Rival
Sasha Banks
98.4%
WrestleMania 34 (eliminated)
Sasha Banks
98.3%
NXT Takeover: Fatel 4-
Way
Charlotte
98.3%
NXT Takeover: Rival
Charlotte
98.3%
NXT Takeover: Brooklyn
Sasha Banks
98.3%
NXT Takeover: Respect
Sasha Banks
98.3%
Money in the Bank 2019
Charlotte Flair
98.2%
Royal Rumble 2019 (eliminated by)
Charlotte Flair
98%
Clash of Champions 2019
Charlotte Flair
98%
Hell in a Cell 2019
Charlotte Flair
98%
Survivor Series 2019
Becky Lynch
97.8%
Clash at the Castle 2022
Asuka
97.7%
Survivor Series 2022
Asuka
97.7%
WrestleMania 36
Sasha Banks
97.5%
Hell in a Cell 2020
Sasha Banks
97.3%
WWE Survivor Series 2016
Becky Lynch
96.1%
WWE Survivor Series 2017
Becky Lynch
96.1%
Clash at the Castle 2022
Alexa Bliss
95.5%
Survivor Series 2022
Alexa Bliss
95.5%
NXT Takeover: Rival
Becky Lynch
95.1%
Royal Rumble 2018 (eliminated)
Nia Jax
93.4%
Royal Rumble 2023 (eliminated by)
Liv Morgan
93.2%
WrestleMania 39
Lita
93.2%
NXT Takeover: Dallas
Asuka
92.2%
WWE Payback 2017
Alexa Bliss
92.1%
WWE Survivor Series 2016
Alexa Bliss
91.9%
WWE No Mercy 2017
Alexa Bliss
91.8%
WWE No Mercy 2017
Nia Jax
91.2%
Elimination Chamber 2018
Alexa Bliss
91.1%
NXT Takeover: Brooklyn II
Asuka
91%
Clash at the Castle 2022
Bianca Belair
90.9%
Hell in a Cell 2022
Bianca Belair
90.9%
Crown Jewel 2022
Bianca Belair
90.9%
Event
Opponent
% Correct
Survivor Series 2022
Bianca Belair
90.9%
WrestleMania 39
Trish Stratus
90.9%
WWE Survivor Series 2018
Asuka
90.6%
WWE Extreme Rules 2017
Alexa Bliss
90.4%
NXT Takeover: London
Nia Jax
90.1%
WWE Survivor Series 2016
Naomi
89.8%
WWE Survivor Series 2017
Naomi
89.8%
Royal Rumble 2019 (eliminated)
Alexa Bliss
89.7%
WWE WrestleMania 33
Nia Jax
89.5%
SummerSlam 2020
Asuka
89.4%
WrestleMania 34 (eliminated by)
Naomi
89.2%
Backlash 2020
Alexa Bliss
89.2%
Royal Rumble 2019 (eliminated by)
Nia Jax
89.1%
Elimination Chamber 2019
Nia Jax
89.1%
Extreme Rules 2019
Alexa Bliss
89.1%
WWE Survivor Series 2018
Naomi
88.8%
Elimination Chamber 2019
Naomi
88.4%
WWE Survivor Series 2018
Carmella
88.2%
Fastlane 2019
Nia Jax
88.1%
WrestleMania 35
Nia Jax
88.1%
Elimination Chamber 2019
Carmella
87.7%
Elimination Chamber 2019
Tamina
87.1%
WWE Survivor Series 2016
Carmella
87%
Super Showdown 202
Naomi
86.8%
WrestleMania 36
Naomi
86.8%
WWE Evolution
Liv Morgan
86.4%
WWE Survivor Series 2017
Carmella
86.3%
Fastlane 2019
Tamina
85.9%
WrestleMania 35
Tamina
85.9%
Elimination Chamber 2018
Mandy Rose
85.9%
Payback 2020
Nia Jax
85.8%
WWE Survivor Series 2016
Natalya
85.8%
Elimination Chamber 2019
Liv Morgan
85.4%
WWE Survivor Series 2018
Mandy Rose
85.2%
WWE Survivor Series 2017
Natalya
84.9%
WrestleMania 34 (eliminated)
Natalya
84.4%
WrestleMania 36
Tamina
84.3%
Money in the Bank 2020
Tamina
84.3%
WWE Backlash 2018
Ruby Riott
84.2%
WWE Evolution
Ruby Riott
84.2%
WWE Evolution
Sarah Logan
84.2%
Elimination Chamber 2019
Mandy Rose
84.1%
WWE Survivor Series 2017
Tamina
84%
Elimination Chamber 2019
Sarah Logan
83.4%
Event
Opponent
% Correct
WWE Royal Rumble 2017
Charlotte
83.2%
WWE Battleground 2016
Dana Brooke
83.1%
Royal Rumble 2019 (eliminated)
Ruby Riott
83.1%
WrestleMania 35
Natalya
83%
WWE Fastlane 2017
Charlotte
82.9%
Elimination Chamber 2018
Sonya Deville
82.9%
Survivor Series 2020
Nia Jax
82.6%
WWE WrestleMania 33
Charlotte
82.6%
WWE Survivor Series 2018
Sonya Deville
82.4%
WWE Hell in a Cell 2016
Dana Brooke
82.2%
Elimination Chamber 2019
Billie Kay
82.1%
Elimination Chamber 2019
Peyton Royce
82.1%
Elimination Chamber 2019
Sonya Deville
81.8%
WrestleMania 35
Billie Kay
81.2%
WrestleMania 35
Peyton Royce
80.9%
WrestleMania 34 (eliminated)
Liv Morgan
80.4%
Hell in a Cell 2021
Bianca Belair
80.3%
Payback 2020
Shayna Baszler
79.7%
NXT Takeover: Unstoppable
Dana Brooke
79.5%
WWE No Mercy 2017
Emma
79.4%
Backlash 2020
Peyton Royce
78.4%
Backlash 2020
Billie Kay
78.4%
WrestleMania 34 (eliminated)
Sarah Logan
78.2%
WrestleMania 34 (eliminated)
Ruby Riott
78.2%
NXT Takeover: Unstoppable
Emma
77.6%
Extreme Rules 2019
Nikki Cross
76.6%
Royal Rumble 2021 (eliminated by)
Bianca Belair
76.4%
Survivor Series 2020
Shayna Baszler
76.4%
Elimination Chamber 2018
Mickie James
75.9%
SummerSlam 2019
Ember Moon
75.5%
Royal Rumble 2020
Lacey Evans
75.4%
Backlash 2020
Nikki Cross
75%
The Horror Show at Extreme Rules 2020
Nikki Cross
75%
Survivor Series 2020
Peyton Royce
74.5%
WrestleMania 36
Lacey Evans
73%
WrestleMania 35
Beth Phoenix
72.9%
Survivor Series 2022
Mia Yim
70.5%
Survivor Series 2020
Lacey Evans
70.2%
Survivor Series 2020
Lana
64%
Survivor Series 2019
Shayna Baszler
54.7%
Royal Rumble 2019 (eliminated)
Rhea Ripley
44.7%
Royal Rumble 2021 (eliminated)
Ruby Riott
39.8%
WrestleMania 34 (eliminated)
Taynara Conti
18.1%
WrestleMania 34 (eliminated)
Kavita Davi
10%
Quiz Playlist
Details
Report
Send in Message
Add To Playlist
Classic:
Type in answers that appear in a list
Last Updated: May 8, 2023
Quiz Scoreboard
CHALLENGE
Sign Up to Join the Scoreboard
Show All
Scores
Hide
Comments
May contain spoilers
Recently Published
9x9 Crossword: Cartoon Network
by jackfrog10
Miscellaneous
3m
College Basketball Coaching Resumes
by pancakes188
Sports
9m
Billboard Blitz: Fleetwood Mac
by CooCooCachoo
Music
15s
More to Explore
Quiz From the Vault
Featured Blog Post
Where Did the Easter Bunny Come From?
hide this ad
You Might Also Like...
Tags
WWE Quiz
Female Wrestlers
NXT
Pro-wrestler
Professional Wrestler
Pro Wrestling
RAW Divas
Today's Top Quizzes in Sports
Browse Sports
hide this ad
Today's Top Quizzes in WWE
Browse WWE
Top Contributed Quizzes in Sports
1
2022 World Cup Stars
2
Les meilleurs buteurs des matchs entre le PSG et l’OM
3
FIFA Club World Cup Champions
4
Les entraîneurs de l'OM et du PSG au 21e siècle
5
Criteria MLB: Left Handed Sluggers
6
AFC Teams Reveal (Wrong Answers Minefield)
7
2023 MLB Unique Player Accomplishments
8
5-to-1: FBS Animal Nicknames
9
Players with Multiple 50 Home Run Seasons
10
5-to-1: UK Sports Teams
Explore More
Trending Topics
Kpop
Disney
Crossword
Harry Potter
Marvel
Anime
NBA
WWE
Song
NFL
Puzzle
Soccer
Pokémon
The Office
Country
hide this ad
More By:
CFG1787
Quiz
Plays
Rating
Category
Featured
Created
Harry Potter Characters by Movie Debut
10,315
4.18
Movies
Jan 12, 2015
Who Won? WrestleMania 33
7,514
4.60
Sports
Apr 3, 2017
Who Won? WrestleMania 32
6,332
4.64
Sports
Jun 21, 2017
Lady Gaga Abums Chronologically
6,227
4.47
Music
Feb 20, 2018
Who Won? WrestleMania 35
5,379
4.50
Sports
Apr 8, 2019
Go to Creator's Profile
Score Distribution
Quiz Creator Spotlight
CFG1787
Follow
Send a Message
Quizzes Created
-
Created Quiz Play Count
-
More By This Creator
Popular Quizzes Today
1
Find the US States - No Outlines Minefield
2
Find the Countries of Europe - No Outlines Minefield
3
The Countries of the World
4
Find the US States
5
Risky Map Clicking: Biggest States A-Z
6
US States
7
Popular People in 1961
8
Movies - When Are They Set?
More Sports Quizzes
Big Four: 3+ Consecutive Title Games
Published
Trending Quizzes
Risky Map Clicking: Least Populous States A-Z
1-10 Letter G Words
1-10 Letter F Words
Risky Map Clicking: Next State Alphabetically
Adjectives in 80s TV Shows
Recently Updated
Leaping Animals
pecheneg
Reality TV Shows (A-Z)
bhenderson79
Rickey Henderson's Hall of Fame Teammates
pecheneg
Champions League XIs: Arsenal
pecheneg
Quick Pick: Celebrities in WWE's Hall of Fame
aduchscher
A-Z Keypad Blitz II
pecheneg
Multiple Oscar Actors
pecheneg
Mystery Phrase Blitz: Oscar 'Best Actors'
pecheneg
F. Scott Fitzgerald Novels
LTH
Pick 3 Villains
ddd62291
Trending Topics
Marvel
Harry Potter
Crossword
Disney
Anime
NBA
Kpop
Soccer
WWE
Puzzle
Pokémon
Country
The Office
Song
NFL
Your Account Isn't Verified!
In order to create a playlist on Sporcle, you need to verify the email address you used during registration. Go to your
Sporcle Settings
to finish the process.
Report this User
Report this user for behavior that violates our
Community Guidelines
.
Details:
Send Report
Go to the Sporcle.com Mobile Site →
Comments